| 000 | 01302nam a22003497a 4500 | ||
|---|---|---|---|
| 999 |
_c200452263 _d70475 |
||
| 001 | 200452263 | ||
| 003 | TR-AnTOB | ||
| 005 | 20230223170942.0 | ||
| 007 | ta | ||
| 008 | 161211s2015$$$$xx#a###$r01###$$$$#### u | ||
| 020 | _a9786053120582 | ||
| 040 |
_aTR-AnTOB _beng _erda _cTR-AnTOB |
||
| 100 | 1 | _aRoca, Nuria,1972-. | |
| 245 | 1 |
_aKendine güven : _bOnur harika öyküler yazıyor : _bsanatçılar çok çalışır/ _cNuria,1972- Roca ; Carol Isern ; resimleyen: Rosa M. Curto ; çeviren: Tuba Öngün. |
|
| 264 | 1 |
_aAnkara : _bTÜBİTAK, _c2015. |
|
| 300 |
_a34 sayfa : _bresim ; _c18 cm. |
||
| 336 |
_ametin _btxt _2rdacontent |
||
| 337 |
_aaracısız _bn _2rdamedia |
||
| 338 |
_acilt _bnc _2rdacarrier |
||
| 490 | 1 |
_aTÜBİTAK Popüler Bilim Kitapları ; _v783. |
|
| 500 | _aÖzgün adı: Passions, strengths and self esteem : Nicolai writes lovely things : the artist work hard | ||
| 650 | 0 | _aHikayeler, İspanyol | |
| 650 | 0 | _aÇocuk edebiyatı | |
| 700 | 1 | _aIsern, Carol | |
| 700 | 1 |
_aCurto, Rosa M., _eresimleyen |
|
| 700 | 1 |
_aÖngün, Tuba, _eçeviren |
|
| 830 | 1 |
_aTÜBİTAK Popüler Bilim Kitapları ; _v783. |
|
| 856 | 4 | 0 | _uhttps://katalog.iste.edu.tr/yordambt/yordam.php?sayfa=sayfaArama&aDemirbas=0001717 |
| 902 | _a0001717 | ||
| 942 |
_2ddc _cBK |
||